书目信息 |
| 题名: |
吹不散眉弯
|
|
| 作者: | 安宁 著 | |
| 分册: | ||
| 出版信息: | 长春 北方妇女儿童出版社 2009.03 |
|
| 页数: | 305页 | |
| 开本: | 24cm | |
| 丛书名: | 前世今生系列 | |
| 单 册: | ||
| 中图分类: | I247.5 | |
| 科图分类: | ||
| 主题词: | 长篇小说--中国--现代 | |
| 电子资源: | ||
| ISBN: | 978-7-5385-3758-1 | |
| 000 | 01207nam 2200241 450 | |
| 001 | 012009616976 | |
| 005 | 20100613095944.43 | |
| 010 | @a978-7-5385-3758-1@dCNY28.80 | |
| 100 | @a20100515d2009 em y0chiy0110 ea | |
| 101 | 0 | @achi |
| 102 | @aCN@b220000 | |
| 105 | @ay z 000ay | |
| 200 | 1 | @a吹不散眉弯@f安宁著 |
| 210 | @a长春@c北方妇女儿童出版社@d2009.03 | |
| 215 | @a305页@d24cm | |
| 225 | 2 | @a前世今生系列@AQian Shi Jin Sheng Xi Lie@v5 |
| 330 | @a一个名动天下,一个寄人篱下,初见那天,他是身穿绣金喜袍以珠冠束发的新郎倌,她是新娘子养在闺中的陪嫁丫鬟,没人知道,夫妻对拜时他为何有意偏过新娘子,而当着宾客面前向一旁的她长揖下来。 一个风流俊雅,一个低眉顺目,他一边在朝廷上筹谋布局,辅助皇帝与垂帘听政的太后进行一场权势倾轧的较量,一边对她延绵不绝地逗弄,极尽戏情举动。没人知道,他到底是出自真心,还是只想把她高抬起来,成为他投石问路的棋子。 他的所作所为像是难解的迷雾,又像无声无息之中早动起了绝步的心机,既频频向她示爱,又无情地一再娶妻。没人知道,他最后会不会给她一个她最想要的结局——为了他自己悸动初开的心扉。 | |
| 410 | 0 | @12001 @a前世今生系列@v5 |
| 606 | 0 | @a长篇小说@y中国@z现代 |
| 690 | @aI247.5@v4 | |
| 701 | 0 | @a安宁@Aan ning@4著 |
| 801 | 0 | @aCN@c20100515 |
| 905 | @dI247.5@eA671-3@f3 | |
| 吹不散眉弯/安宁著.-长春:北方妇女儿童出版社,2009.03 |
| 305页;24cm.-(前世今生系列;5) |
| ISBN 978-7-5385-3758-1:CNY28.80 |
| 一个名动天下,一个寄人篱下,初见那天,他是身穿绣金喜袍以珠冠束发的新郎倌,她是新娘子养在闺中的陪嫁丫鬟,没人知道,夫妻对拜时他为何有意偏过新娘子,而当着宾客面前向一旁的她长揖下来。 一个风流俊雅,一个低眉顺目,他一边在朝廷上筹谋布局,辅助皇帝与垂帘听政的太后进行一场权势倾轧的较量,一边对她延绵不绝地逗弄,极尽戏情举动。没人知道,他到底是出自真心,还是只想把她高抬起来,成为他投石问路的棋子。 他的所作所为像是难解的迷雾,又像无声无息之中早动起了绝步的心机,既频频向她示爱,又无情地一再娶妻。没人知道,他最后会不会给她一个她最想要的结局——为了他自己悸动初开的心扉。 |
| ● |
| 相关链接 |
|
|
|
正题名:吹不散眉弯
索取号:I247.5/A671-3
 
预约/预借
| 序号 | 登录号 | 条形码 | 馆藏地/架位号 | 状态 | 备注 |
| 1 | 987106 | 209871067 | 社科二线422/422社科库 14排1列2层/ [索取号:I247.5/A671-3] | 在馆 | |
| 2 | 987107 | 209871076 | 社科二线400B/400B社科库 14排4列5层/ [索取号:I247.5/A671-3] | 在馆 | |
| 3 | 987108 | 209871085 | 社科二线422/422社科库 14排1列2层/ [索取号:I247.5/A671-3] | 在馆 |